| 000 | 01647 a2200241 4500 | ||
|---|---|---|---|
| 003 | Nust | ||
| 005 | 20231106114348.0 | ||
| 010 | _a 2009051628 | ||
| 020 | _a9780071633758 (alk. paper) | ||
| 040 | _cNust | ||
| 082 | 0 | 0 | _a005.8,CON |
| 100 | 1 |
_aConklin, Wm. Arthur _9118609 |
|
| 245 | 1 | 0 |
_aPrinciples of computer security : _bCompTIA security+ and beyond / _cWm. Arthur Conklin, Gregory White. |
| 250 | _a2nd ed. | ||
| 260 |
_aSan Francisco, CA : _bMcGraw-Hill Companies, _c2010. |
||
| 300 | _a665p | ||
| 505 | _aIntoduction and security trends (Page-1), General security concepts (Page-19), Operational organizational security (Page-43), The role of people in security (Page-63), Cryptography (Page-77), Public key infrastructure (Page-107), Standards and protocols (Page-153), The impact of physical security on network security (Page-181), Network fundamentals (Page-195), Infrastructure security (Page-215), Remote access (Page-257), Wireless and instant messaging (Page-287), Intrusion detection system (Page-309), Security baselines (Page-337), Attacks and malware (Page-395), E-mail (Page-423), Web components (Page-439), Software development (Page-469), Disaster recovery ,business continuity and organizational policies (Page-483), Risk management (Page-511), Change management (Page-533), Previlege management (Page-549), Computer forensics (Page-569),Security and Law (Page-587). | ||
| 650 | 0 |
_aComputer networks _xExaminations _994252 |
|
| 650 | 0 |
_aComputer technicians _xCertification _9118610 |
|
| 650 | 0 |
_aElectronic data processing personnel _xCertification. _981704 |
|
| 700 | 1 |
_aWhite, Gregory B. _9118611 |
|
| 942 |
_2ddc _cBK |
||
| 999 |
_c179954 _d179954 |
||